000 00716nam a2200193 i 4500
001 113389
003 ES-MaACL
005 20230906185854.0
007 t|
008 061121s1968 sp r ||||1| spa d
100 1 _aPablo
_bVI
_cPapa, Santo.
_9168351
245 1 0 _aMatrimonio, amor, hijos según la doctrina del Concilio y del postconcilio /
_cpapa Pablo VI, Cardenal A. C. Renard ; textos y comentario, Humanae Vitae ; traducción por José María Bernáldez Montalvo.
260 _aMadrid :
_bFax,
_c1968.
300 _a156 p. ;
_c19 cm.
700 1 _aRenard, A. C.
_996171
700 1 _aBernáldez Montalvo, José María.
_9153063
710 2 _aHumanae Vitae.
_94626
852 _aES-MaACL
_jC-51427
_bR.68085
999 _c113389
_d113389